000 01473nam0a2200373 i 4500
001 RU\NLR\BIBL_A\010910485
005 20260406021618.0
010 _a9785906789846
_91500
021 _aRU
_b2015-85223
_95215
035 _a(NILC)RuMoRGB-008059811
035 _a(NLR Aleph) 010910485
090 _a10627777
_c10627777
100 _a20151123d2015 km y0rusy50 ca
101 0 _arus
102 _aRU
105 _aac||z|||000yy
200 1 _aКасл. Обратная сторона Жары
_fЕлена Первушина
210 _aМосква
_cАлгоритм
_d2015
215 _a222, [1] с.
_cил., портр.
_d21
225 1 _aСериал, который покорил мир
300 _aЗагл. обл.: Сериал Касл, который покорил мир
300 _aНа обл. авт. не указан
500 1 0 _aКасл
_lТелесериал
_92636004
_3RU\NLR\AUTH\5505018
512 1 _aСериал Касл, который покорил мир
605 _a"Касл"
_lсериал
_92273522
_3RU\NLR\AUTH\6601591325
675 _a654
686 1 _aЩ382.3(7США)6-7"Касл"
700 1 _aПервушина
_bЕ. В.
_f1972-
_gЕлена Владимировна
702 1 _4570
_8rus
_7ca
_aКасл
_bР.
_cписатель, псевдоним
_gРичард
_3RU\NLR\AUTH\77123136
_9106061
801 0 _aRU
_bРГБ
_c20151103
_gRCR
942 _cBOOK
980 _aNBR